000 00441nam a2200181Ia 4500
005 20240823012841.0
008 240823s9999||||xx |||||||||||||| ||und||
041 _aENGLISH
082 _A658.57 P1
100 _a"Thietart,Raymond Alain"
245 0 _aDoing Management Research
250 _a1st
260 _c2001
_b"Sage,London"
500 _aTRANSFERED
650 _aManagement
_bManagement Studies
942 _cBK
999 _c165575
_d165575